[Event "I Festival dell'Etna A"]
[Site "Nicolosi ITA"]
[Date "2014.12.07"]
[Round "5"]
[White "Seminara, Antonio"]
[Black "Iannello, Andrea"]
[WhiteElo "1963"]
[BlackElo "1904"]
[Result "1/2-1/2"]
[PlyCount "66"]
[EventDate "2014.12.05"]

1. d4 Nf6 2. Bg5 e6 3. e3 c5 4. c3 cxd4 5. exd4 Be7 6. Bd3 d6 7. Nf3 Nbd7 8.
O-O b6 9. Nbd2 Bb7 10. h3 O-O 11. Qc2 h6 12. Bf4 Rc8 13. Bh2 Nd5 14. a3 a6 15.
Rae1 b5 16. Qb1 N7b6 17. Ne4 Qd7 18. Nfd2 a5 19. f4 f5 20. Nf2 Bf6 21. Re2 Na4
22. Qa2 b4 23. c4 Ndc3 24. bxc3 Nxc3 25. Qb3 Nxe2+ 26. Bxe2 Bxd4 27. axb4 axb4
28. Qxb4 Rb8 29. Qa3 Ra8 30. Qd3 Bf6 31. c5 Ba6 32. Qe3 dxc5 33. Nc4 Rfb8
1/2-1/2

[Event "I Festival dell'Etna A"]
[Site "Nicolosi ITA"]
[Date "2014.12.07"]
[Round "5"]
[White "Terwagne, Bertrand"]
[Black "Aceto, Andrea"]
[WhiteElo "1865"]
[BlackElo "1771"]
[Result "0-1"]
[PlyCount "94"]
[EventDate "2014.12.05"]

1. e4 c5 2. c3 Nc6 3. d4 d6 4. dxc5 dxc5 5. Qxd8+ Nxd8 6. Bb5+ Bd7 7. Bxd7+
Kxd7 8. Be3 e6 9. Nd2 Nf6 10. f3 Nc6 11. O-O-O Kc7 12. Ne2 Rd8 13. Nc4 Be7 14.
Bf4+ Kc8 15. Bd6 Nd4 16. cxd4 Bxd6 17. Nxd6+ Rxd6 18. e5 Rc6 19. exf6 cxd4+ 20.
Kb1 e5 21. fxg7 Rg8 22. Ng3 Rxg7 23. Nf5 Rxg2 24. Ne7+ Kd7 25. Nxc6 bxc6 26.
Rhe1 Kd6 27. f4 f6 28. fxe5+ fxe5 29. h4 Kd5 30. b4 e4 31. Rg1 Re2 32. Rg5+ Kc4
33. Rc5+ Kxb4 34. Rxc6 d3 35. Rc7 a5 36. Rxh7 Kc3 37. Rc7+ Kd4 38. Rb7 Rh2 39.
Rb5 e3 40. Rb3 Rd2 41. Kc1 Rc2+ 42. Kb1 Rc3 43. Rb2 Ke4 44. Rg1 e2 45. h5 Ke3
46. h6 d2 47. Rg3+ Kf4 0-1

[Event "I Festival dell'Etna A"]
[Site "Nicolosi ITA"]
[Date "2014.12.07"]
[Round "5"]
[White "Tirenna, Francesco"]
[Black "Astorina, Davide"]
[WhiteElo "1422"]
[BlackElo "1563"]
[Result "0-1"]
[PlyCount "64"]
[EventDate "2014.12.05"]

1. d4 d5 2. Bf4 Nf6 3. e3 Bf5 4. Nd2 e6 5. Ngf3 c5 6. c3 c4 7. Be2 Bd6 8. Bxd6
Qxd6 9. Ne5 Nc6 10. Ndf3 Nd7 11. Nxd7 Qxd7 12. Ne5 Qd6 13. f4 O-O 14. O-O f6
15. Nf3 e5 16. Nh4 Be4 17. Qe1 exf4 18. exf4 f5 19. Qg3 Ne7 20. Rae1 Rf6 21.
Bf3 Ng6 22. Bxe4 dxe4 23. Re3 Ne7 24. Qe1 Nd5 25. Rg3 Raf8 26. Qe2 Rh6 27. Rh3
e3 28. Qe1 e2 29. Rf2 Nxf4 30. Rxf4 Qxf4 31. Nxf5 Rxh3 32. Qxe2 Qc1+ 0-1

[Event "I Festival dell'Etna A"]
[Site "Nicolosi ITA"]
[Date "2014.12.07"]
[Round "5"]
[White "Todaro, Adriano"]
[Black "Biot, Thomas"]
[WhiteElo "1748"]
[BlackElo "1602"]
[Result "0-1"]
[PlyCount "84"]
[EventDate "2014.12.05"]

1. e4 c5 2. Nf3 Nc6 3. d4 cxd4 4. Nxd4 Qb6 5. Nb3 Qb4+ 6. Nc3 Nf6 7. f3 e6 8.
Be3 Be7 9. a3 Qd6 10. Be2 a6 11. f4 Qxd1+ 12. Rxd1 d6 13. O-O b5 14. Bf3 e5 15.
f5 Bb7 16. Nc1 O-O 17. g4 b4 18. Na4 bxa3 19. bxa3 Nd7 20. Ne2 Rfc8 21. Nec3
Na5 22. Rf2 Nc4 23. Bc1 Ndb6 24. Nxb6 Nxb6 25. Nd5 Bd8 26. Kg2 Bxd5 27. exd5
Nc4 28. Rd3 Rab8 29. Rb3 Bb6 30. Re2 Bc5 31. a4 Nb6 32. Re4 Bd4 33. Ba3 Rxc2+
34. Kg3 Bf2+ 35. Kh3 g6 36. f6 h6 37. Bxd6 Rbc8 38. Rxb6 Bxb6 39. Rxe5 R8c3 40.
Kg3 Bf2+ 41. Kf4 g5+ 42. Ke4 Re3+ 0-1

[Event "I Festival dell'Etna A"]
[Site "Nicolosi ITA"]
[Date "2014.12.07"]
[Round "5"]
[White "Tondo, Salvatore"]
[Black "Russo, Alfio"]
[WhiteElo "1895"]
[BlackElo "1867"]
[Result "1-0"]
[PlyCount "67"]
[EventDate "2014.12.05"]

1. e4 g6 2. d4 Bg7 3. Nc3 c5 4. Be3 cxd4 5. Bxd4 Nf6 6. Nf3 Nc6 7. Be3 O-O 8.
h3 Qa5 9. Qd2 d6 10. Be2 Rd8 11. O-O Nd7 12. Nd4 Nc5 13. a3 Ne6 14. Nb3 Bxc3
15. bxc3 Qc7 16. f4 Ng7 17. c4 Be6 18. g4 f6 19. Bd3 b6 20. Qe2 Rac8 21. Rf2
Nb8 22. Nd2 Na6 23. h4 Nc5 24. h5 Bf7 25. hxg6 hxg6 26. f5 gxf5 27. gxf5 Bh5
28. Qf1 Kf7 29. Rg2 Rh8 30. Qf4 Rcg8 31. Rf1 Qc6 32. Nf3 e5 33. fxe6+ Ngxe6 34.
Ng5+ 1-0

[Event "I Festival dell'Etna A"]
[Site "Nicolosi ITA"]
[Date "2014.12.07"]
[Round "5"]
[White "Trifoglio, Giovanni"]
[Black "Pisacane, Pietro"]
[WhiteElo "1877"]
[BlackElo "2110"]
[Result "0-1"]
[PlyCount "94"]
[EventDate "2014.12.05"]

1. e4 e6 2. d4 d5 3. e5 c5 4. c3 Qb6 5. Nf3 Nc6 6. a3 Nh6 7. Bd3 cxd4 8. cxd4
Nf5 9. Bxf5 exf5 10. Nc3 Be6 11. O-O Be7 12. Na4 Qd8 13. b4 O-O 14. Bb2 Rc8 15.
Rc1 g5 16. Nc5 b6 17. Nd3 g4 18. Nd2 Bg5 19. f4 Be7 20. Qa4 Qd7 21. Rc2 Nxe5
22. Qxd7 Nxd7 23. Rfc1 Rxc2 24. Rxc2 f6 25. Rc6 Kf7 26. Kf2 Rd8 27. b5 Nb8 28.
Rc7 Rd7 29. Rc8 Rb7 30. Rh8 Kg7 31. Re8 h6 32. Ke2 Kf7 33. Rh8 Bf8 34. a4 Kg7
35. Rxf8 Kxf8 36. Ba3+ Ke8 37. Nb4 a6 38. bxa6 Ra7 39. Nb1 Nxa6 40. Nc3 Nxb4
41. Bxb4 Kf7 42. Kd3 Bd7 43. Nxd5 Rxa4 44. Nxb6 Rxb4 45. Nxd7 Rb2 46. g3 Rxh2
47. d5 Rg2 0-1

[Event "I Festival dell'Etna A"]
[Site "Nicolosi ITA"]
[Date "2014.12.07"]
[Round "5"]
[White "Vesce, Emanuele"]
[Black "Sardo, Gabriele"]
[WhiteElo "1895"]
[BlackElo "2211"]
[Result "0-1"]
[PlyCount "104"]
[EventDate "2014.12.05"]

1. d4 Nf6 2. c4 e6 3. Nf3 Bb4+ 4. Nbd2 O-O 5. a3 Bxd2+ 6. Qxd2 d6 7. b4 b6 8.
Bb2 Bb7 9. e3 Nbd7 10. Be2 Qe7 11. O-O Ne4 12. Qc2 f5 13. Rfd1 Rf6 14. c5 Bd5
15. Bc4 Bxc4 16. Qxc4 Rff8 17. cxd6 cxd6 18. Rac1 Ndf6 19. Rc2 Nd5 20. Rdc1 g5
21. Qd3 g4 22. Nd2 Nxd2 23. Qxd2 Qd7 24. Rc6 Rac8 25. Qc2 Rxc6 26. Qxc6 Qxc6
27. Rxc6 Kf7 28. Kf1 Ke7 29. Ke2 Kd7 30. Rc1 b5 31. Rh1 Rc8 32. Kd3 Nf6 33. f3
gxf3 34. gxf3 Rg8 35. Re1 Rg2 36. Re2 Rxe2 37. Kxe2 Kc6 38. Kd3 Kd5 39. Bc3 e5
40. dxe5 dxe5 41. Kd2 Ne8 42. Kc2 Nd6 43. Bd2 Nf7 44. Kb3 Ng5 45. e4+ fxe4 46.
Bxg5 exf3 47. Be3 Ke4 48. Bxa7 Kd3 49. a4 bxa4+ 50. Kxa4 e4 51. b5 e3 52. b6 e2
0-1

[Event "I Festival dell'Etna A"]
[Site "Nicolosi ITA"]
[Date "2014.12.08"]
[Round "6"]
[White "Aceto, Andrea"]
[Black "Iannello, Andrea"]
[WhiteElo "1771"]
[BlackElo "1904"]
[Result "0-1"]
[PlyCount "54"]
[EventDate "2014.12.05"]

1. d4 d5 2. Bf4 f5 3. Nf3 Nf6 4. g3 e6 5. Nbd2 Bd6 6. Bxd6 Qxd6 7. e3 Nbd7 8.
Bg2 O-O 9. O-O c6 10. c4 Ne4 11. c5 Qe7 12. b4 e5 13. dxe5 Nxe5 14. Nxe5 Qxe5
15. Nf3 Qf6 16. Rc1 a5 17. b5 Nc3 18. Qb3 Ne2+ 19. Kh1 Nxc1 20. Rxc1 Bd7 21. a4
g5 22. Nd4 Rae8 23. bxc6 bxc6 24. Qb7 Re7 25. Rb1 f4 26. Rb6 fxe3 27. Bxd5+ Kh8
0-1

[Event "I Festival dell'Etna A"]
[Site "Nicolosi ITA"]
[Date "2014.12.08"]
[Round "6"]
[White "Auci, Matteo"]
[Black "Favitta, Amedeo"]
[WhiteElo "1500"]
[BlackElo "1789"]
[Result "0-1"]
[PlyCount "60"]
[EventDate "2014.12.05"]

1. e4 e6 2. Qe2 c5 3. Nc3 Nc6 4. Nf3 d6 5. g3 Nf6 6. Bg2 Be7 7. O-O O-O 8. d3
a6 9. Be3 Rb8 10. Nd2 Nd4 11. Bxd4 cxd4 12. Nd1 e5 13. h3 b5 14. f4 Qc7 15. Nb3
Bd7 16. f5 a5 17. g4 a4 18. Nc1 Rfc8 19. g5 Ne8 20. f6 gxf6 21. gxf6 Bxf6 22.
c3 dxc3 23. Nxc3 Be6 24. Bf3 b4 25. Nxa4 Qa7+ 26. Kh2 Qxa4 27. b3 Qc6 28. Qg2+
Kf8 29. Rg1 Qc2 30. Ne2 Qxd3 0-1

[Event "I Festival dell'Etna A"]
[Site "Nicolosi ITA"]
[Date "2014.12.08"]
[Round "6"]
[White "Baiocchi, Emanuele"]
[Black "Spina, Simonpietro"]
[WhiteElo "1947"]
[BlackElo "1858"]
[Result "1/2-1/2"]
[PlyCount "70"]
[EventDate "2014.12.05"]

1. e4 d6 2. Nc3 Nf6 3. g3 g6 4. Bg2 Bg7 5. Nge2 O-O 6. O-O e5 7. d3 Nc6 8. h3
Ne8 9. Be3 h6 10. Qd2 Kh7 11. f4 f5 12. Rf2 Nf6 13. Raf1 Qe7 14. a3 Be6 15. b4
a6 16. fxe5 Nxe5 17. exf5 Bxf5 18. Nd4 Bd7 19. Bf4 c6 20. Re1 Nh5 21. Kh2 Rae8
22. Rfe2 Qf7 23. Rf1 Nxf4 24. Rxf4 Qe7 25. Ne4 g5 26. Rff2 Rxf2 27. Nxf2 d5 28.
Kh1 Qf7 29. c3 g4 30. hxg4 Nxg4 31. Nxg4 Bxg4 32. Rxe8 Bxd4 33. cxd4 Qxe8 34.
Qf4 Qh5+ 35. Kg1 Qg6 1/2-1/2

[Event "I Festival dell'Etna A"]
[Site "Nicolosi ITA"]
[Date "2014.12.08"]
[Round "6"]
[White "Barbagallo, Andrea"]
[Black "Terwagne, Bertrand"]
[WhiteElo "1677"]
[BlackElo "1865"]
[Result "0-1"]
[PlyCount "114"]
[EventDate "2014.12.05"]

1. e4 e5 2. Nf3 Nc6 3. Bb5 a6 4. Ba4 Nf6 5. O-O Be7 6. Re1 b5 7. Bb3 O-O 8. c3
d6 9. h3 Bb7 10. Bc2 Re8 11. d4 exd4 12. cxd4 Nb4 13. a3 Nxc2 14. Qxc2 c5 15.
d5 Nd7 16. Bf4 c4 17. Nfd2 Nc5 18. Bh2 Bf6 19. Re3 Qd7 20. Nf1 Re7 21. Ng3 g6
22. Ne2 Rae8 23. Nd2 Nd3 24. Rb1 Bg5 25. f4 Bf6 26. Rxd3 cxd3 27. Qxd3 Bg7 28.
b4 f5 29. Ng3 fxe4 30. Ngxe4 Qf5 31. g4 Qxd5 32. Qxd5+ Bxd5 33. Ng3 Re1+ 34.
Rxe1 Rxe1+ 35. Kf2 Ra1 36. Ne2 Rxa3 37. f5 gxf5 38. gxf5 Rxh3 39. Bxd6 Bh6 40.
Nf1 Rf3+ 41. Ke1 Rxf5 42. Nfg3 Rf6 43. Bc7 Re6 44. Kf2 Be3+ 45. Ke1 Bc4 46. Ba5
Bf4 47. Kf2 Bxe2 48. Nxe2 Be5 49. Kf3 Rc6 50. Kf2 Bc7 51. Bxc7 Rxc7 52. Nf4 Rf7
53. Ke3 Rxf4 54. Kxf4 Kf7 55. Kf5 Ke7 56. Ke5 Kd7 57. Kd5 h5 0-1

[Event "I Festival dell'Etna A"]
[Site "Nicolosi ITA"]
[Date "2014.12.08"]
[Round "6"]
[White "Battaglia, Fabio"]
[Black "Trifoglio, Giovanni"]
[WhiteElo "1703"]
[BlackElo "1877"]
[Result "1-0"]
[PlyCount "147"]
[EventDate "2014.12.05"]

1. c4 e5 2. Nc3 g6 3. d3 Bg7 4. Nf3 d6 5. e4 Nf6 6. Be2 O-O 7. O-O Nc6 8. a3
Nh5 9. Nd5 Ne7 10. Bg5 f6 11. Bd2 c6 12. Nc3 Nf4 13. Qb3 Nxe2+ 14. Nxe2 c5 15.
Nc3 Nc6 16. h3 Qe7 17. Qc2 f5 18. Nd5 Qd7 19. b4 b6 20. b5 Ne7 21. Nc3 f4 22.
Nh2 Qe6 23. a4 Qf6 24. Qd1 Be6 25. a5 g5 26. f3 h5 27. Qe2 Bh6 28. axb6 axb6
29. Ra6 Rab8 30. Na4 Nc8 31. Nc3 Ne7 32. Na4 Nc8 33. Nc3 Rf7 34. Nd5 Qg6 35.
Rfa1 g4 36. fxg4 hxg4 37. Nxg4 Bg5 38. Qf3 Qg7 39. Nf2 Qh6 40. Be1 Bd8 41. Nd1
Rg7 42. Kh2 Bg4 43. Qf1 Qh5 44. Nf2 Be2 45. Qg1 Bf3 46. Ra8 Rxa8 47. Rxa8 Rxg2+
48. Qxg2+ Bxg2 49. Rxc8 Qg5 50. Ng4 Bf1 51. Ndf6+ Kf7 52. Rxd8 f3 53. Rxd6 Qf4+
54. Bg3 Qd2+ 55. Nf2 Qc2 56. N6g4 Be2 57. Nxe5+ Ke8 58. Ng6 Qc1 59. Nf4 Qd2 60.
Rxb6 Qa5 61. Rc6 Qb4 62. b6 Kf8 63. Rxc5 Qxb6 64. Rf5+ Ke8 65. c5 Qb2 66. Rg5
Kd7 67. e5 Kc6 68. e6 Qf6 69. Rg6 Qf5 70. e7+ Kd7 71. Re6 Ke8 72. c6 Qc5 73.
Bh4 Qf5 74. Rf6 1-0

[Event "I Festival dell'Etna A"]
[Site "Nicolosi ITA"]
[Date "2014.12.08"]
[Round "6"]
[White "Battaglia, Giuseppe"]
[Black "Gueci, Laura"]
[WhiteElo "1690"]
[BlackElo "2010"]
[Result "1-0"]
[PlyCount "155"]
[EventDate "2014.12.05"]

1. e4 c5 2. Nf3 g6 3. d4 cxd4 4. Nxd4 Bg7 5. Nc3 Nc6 6. Be3 Nf6 7. f3 O-O 8.
Bc4 d6 9. Qd2 Bd7 10. O-O-O Nxd4 11. Bxd4 a6 12. Nd5 Nxd5 13. Bxg7 Kxg7 14.
Bxd5 Qc7 15. h4 h5 16. Qg5 Rac8 17. Bb3 Be6 18. Rd2 Bxb3 19. axb3 Qb6 20. Kb1
f6 21. Qd5 Rc5 22. Qe6 Re5 23. Qh3 Qc6 24. g4 Rh8 25. gxh5 Rexh5 26. Qe6 Re5
27. Qg4 Qc8 28. Qg3 Reh5 29. Rg2 R8h6 30. Rd2 Kf7 31. Rd5 g5 32. Rg1 Rxh4 33.
Rf5 Rh3 34. Qxg5 Qh8 35. Rf4 Rh1 36. Qd5+ Ke8 37. Rfg4 Rxg1+ 38. Rxg1 Rh1 39.
Qd1 Rh5 40. b4 Qh6 41. Ka2 Qe3 42. c3 Rh2 43. Rg8+ Kf7 44. Qb3+ e6 45. Rb8 Qb6
46. f4 Qa7 47. Rc8 Ke7 48. Qc4 Qb6 49. Rc7+ Kd8 50. Rf7 Qc6 51. Qxc6 bxc6 52.
Rxf6 Ke7 53. Rg6 Rh4 54. Rg7+ Kd8 55. f5 exf5 56. exf5 Rf4 57. Rg5 Ke7 58. Kb3
Kf6 59. Rg6+ Ke5 60. Rg7 Rxf5 61. Rc7 Kd5 62. c4+ Kd4 63. Rxc6 Rf3+ 64. Ka4 Rf2
65. Rxd6+ Kxc4 66. b3+ Kc3 67. Rc6+ Kd4 68. Rxa6 Kc3 69. Rc6+ Kd4 70. b5 Kd5
71. Rc8 Ra2+ 72. Kb4 Ra7 73. Rd8+ Ke6 74. b6 Rb7 75. Kc5 Ke7 76. Rd1 Rd7 77.
Rxd7+ Kxd7 78. Kd5 1-0

[Event "I Festival dell'Etna A"]
[Site "Nicolosi ITA"]
[Date "2014.12.08"]
[Round "6"]
[White "Biot, Thomas"]
[Black "Lo Piccolo, Antonino"]
[WhiteElo "1602"]
[BlackElo "1875"]
[Result "1-0"]
[PlyCount "95"]
[EventDate "2014.12.05"]

1. e4 c5 2. c3 Nf6 3. d3 Nc6 4. f4 d6 5. Be2 g6 6. Nf3 Bg7 7. Na3 a6 8. Nc2 O-O
9. Be3 c4 10. O-O cxd3 11. Bxd3 Ng4 12. Qe2 Nxe3 13. Nxe3 Qb6 14. Kh1 e6 15.
Rad1 Qc7 16. Bc2 b5 17. f5 exf5 18. exf5 Re8 19. Qf2 Ne5 20. f6 Bh6 21. Nd5 Qa7
22. Qh4 Bf8 23. Rfe1 Nxf3 24. Rxe8 Be6 25. Rxf8+ Kxf8 26. gxf3 Bxd5 27. Rxd5
Qe3 28. Qe4 Qf2 29. Rd1 Re8 30. Qd3 d5 31. Rf1 Qb6 32. Qxd5 Qxf6 33. Be4 Qf4
34. Rd1 Re5 35. Qd2 Rxe4 36. fxe4 Qf3+ 37. Kg1 Qg4+ 38. Kf2 Qh4+ 39. Ke3 Qh3+
40. Kd4 Qd7+ 41. Kc5 Qc7+ 42. Kb4 Qc4+ 43. Ka5 Qc7+ 44. Kxa6 Qc8+ 45. Kxb5 Qb7+
46. Kc4 Qxe4+ 47. Kb3 Qe6+ 48. c4 1-0

[Event "I Festival dell'Etna A"]
[Site "Nicolosi ITA"]
[Date "2014.12.08"]
[Round "6"]
[White "Bruno, Alessio"]
[Black "Giuffrida, Francesco"]
[WhiteElo "1338"]
[BlackElo "1527"]
[Result "1/2-1/2"]
[PlyCount "86"]
[EventDate "2014.12.05"]

1. d4 Nf6 2. Nf3 g6 3. Bf4 Bg7 4. e3 d6 5. Be2 O-O 6. O-O Nbd7 7. c4 c5 8. Nc3
Nh5 9. Bg3 Nxg3 10. fxg3 Nf6 11. dxc5 dxc5 12. Qxd8 Rxd8 13. Rad1 Bf5 14. Nh4
Bc2 15. Rxd8+ Rxd8 16. Nf3 Bh6 17. Nd1 Bxd1 18. Rxd1 Bxe3+ 19. Kf1 Rxd1+ 20.
Bxd1 Bc1 21. b3 Bb2 22. Bc2 e5 23. Nd2 Ng4 24. Be4 b6 25. h3 Nh6 26. Ke2 f5 27.
Bd5+ Kg7 28. Nb1 Kf6 29. h4 e4 30. Nd2 Ng4 31. Nf1 Bd4 32. Bg8 h6 33. Bd5 Nf2
34. Ne3 Nd3 35. Kd2 g5 36. h5 Ke5 37. Bg8 Bxe3+ 38. Kxe3 f4+ 39. gxf4+ gxf4+
40. Ke2 Nc1+ 41. Kd2 Nxa2 42. Bd5 Nb4 43. Bb7 Kd4 1/2-1/2

[Event "I Festival dell'Etna A"]
[Site "Nicolosi ITA"]
[Date "2014.12.08"]
[Round "6"]
[White "Cannella, Carlo"]
[Black "Gangemi, Salvatore"]
[WhiteElo "1931"]
[BlackElo "2075"]
[Result "1/2-1/2"]
[PlyCount "85"]
[EventDate "2014.12.05"]

1. e4 e6 2. d4 d5 3. Nd2 c5 4. Ngf3 cxd4 5. exd5 Qxd5 6. Bc4 Qc5 7. Qe2 Nc6 8.
O-O Nf6 9. Nb3 Qb6 10. Rd1 Bc5 11. a4 a5 12. Nxc5 Qxc5 13. b3 Nd5 14. Ba3 Ndb4
15. Bb2 Qf5 16. Rac1 Na2 17. Ra1 Nc3 18. Bxc3 dxc3 19. Rd3 O-O 20. Rad1 Qf6 21.
Qe3 e5 22. Rd6 Qf4 23. Qxc3 Bg4 24. Be2 Rac8 25. Qd2 Qxd2 26. R1xd2 Rfd8 27.
Rxd8+ Rxd8 28. Rxd8+ Nxd8 29. h3 Bxf3 30. Bxf3 Kf8 31. Kf1 Ke7 32. g4 g5 33.
Ke2 Kd6 34. Kd3 b6 35. Be4 h6 36. Bf5 Nb7 37. Kc4 Nc5 38. Kb5 Kc7 39. Bh7 Nb7
40. Kc4 Kd6 41. Kb5 Kc7 42. Kc4 Kd6 43. Kb5 1/2-1/2

[Event "I Festival dell'Etna A"]
[Site "Nicolosi ITA"]
[Date "2014.12.08"]
[Round "6"]
[White "Cervellione, Piernicola"]
[Black "Mammoliti, Raffaele"]
[WhiteElo "1431"]
[BlackElo "1512"]
[Result "1-0"]
[PlyCount "73"]
[EventDate "2014.12.05"]

1. e4 c5 2. Nf3 d6 3. c3 Nf6 4. Bd3 a6 5. Bc2 Nc6 6. O-O e6 7. Re1 Qc7 8. d4
cxd4 9. cxd4 b5 10. Nc3 Ne7 11. Bg5 Nd7 12. Rc1 Nb6 13. Bd3 Qd7 14. Qd2 h6 15.
Bh4 Bb7 16. Rc2 Ng6 17. Bg3 Be7 18. Rec1 O-O 19. Qe3 d5 20. e5 Nc4 21. Qe2 f5
22. exf6 Rxf6 23. b3 Qe8 24. bxc4 bxc4 25. Bxg6 Qxg6 26. Ne5 Qe8 27. Rb1 Ra7
28. Rcb2 Qc8 29. Qg4 Rf8 30. Rb6 Rf6 31. Bh4 g5 32. Bg3 Rf5 33. Qh5 Bf6 34.
Qg6+ Bg7 35. Qxe6+ Qxe6 36. Rxe6 Kh7 37. Re7 1-0

[Event "I Festival dell'Etna A"]
[Site "Nicolosi ITA"]
[Date "2014.12.08"]
[Round "6"]
[White "Dagnino, Marcello"]
[Black "Monaco, Alessandro"]
[WhiteElo "1524"]
[BlackElo "1664"]
[Result "0-1"]
[PlyCount "110"]
[EventDate "2014.12.05"]

1. d4 d5 2. Nf3 Nf6 3. e3 Bf5 4. Bd3 Bxd3 5. Qxd3 c6 6. O-O Nbd7 7. b3 Qc7 8.
Bb2 g6 9. Nbd2 Bg7 10. Rfe1 O-O 11. h3 Rfe8 12. Rac1 h6 13. c4 Rad8 14. c5 Nh7
15. b4 e5 16. Qb3 e4 17. Nh2 g5 18. Ndf1 f5 19. Ng3 Rf8 20. Rf1 f4 21. Nxe4
Nhf6 22. Nd6 Ne8 23. Ne4 Kh8 24. Nd2 h5 25. Qd3 Rf6 26. Ndf3 Bh6 27. e4 Ng7 28.
Rce1 g4 29. e5 Re6 30. Nh4 Rf8 31. Ng6+ Kg8 32. Nxf8 Nxf8 33. h4 Ng6 34. g3 Qe7
35. Kg2 Nxh4+ 36. gxh4 Qxh4 37. Rh1 f3+ 38. Nxf3 gxf3+ 39. Qxf3 Rg6+ 40. Kf1
Qe7 41. Rg1 Rxg1+ 42. Kxg1 Bd2 43. Re2 Bxb4 44. Qh3 Qg5+ 45. Qg3 Qf5 46. Kg2
Kf7 47. Qf3 Ke6 48. Qxf5+ Kxf5 49. Kg3 Ne6 50. f4 Nxf4 51. Rf2 h4+ 52. Kxh4 Be1
53. Kg3 Bxf2+ 54. Kf3 Bg1 55. Ba1 Ne6 0-1

[Event "I Festival dell'Etna A"]
[Site "Nicolosi ITA"]
[Date "2014.12.08"]
[Round "6"]
[White "Efimov, Igor"]
[Black "Gueci, Tea"]
[WhiteElo "2409"]
[BlackElo "2018"]
[Result "1-0"]
[PlyCount "47"]
[EventDate "2014.12.05"]

1. d4 Nf6 2. Bg5 g6 3. Nc3 d5 4. Qd2 Bg7 5. O-O-O c6 6. f3 O-O 7. e4 b5 8. e5
Ne8 9. Bh6 f6 10. h4 Bxh6 11. Qxh6 Ng7 12. g4 Qe8 13. Bd3 b4 14. h5 f5 15. Nh3
gxh5 16. gxf5 Rxf5 17. Rdg1 Qf7 18. Rg2 Rxf3 19. Ng5 Qf4+ 20. Kb1 Bf5 21. Bxf5
Rf1+ 22. Nd1 Rxd1+ 23. Rxd1 Qxf5 24. Ne6 1-0

[Event "I Festival dell'Etna A"]
[Site "Nicolosi ITA"]
[Date "2014.12.08"]
[Round "6"]
[White "Fabiano, Giuseppe"]
[Black "Gelardi, Davide"]
[WhiteElo "2015"]
[BlackElo "1863"]
[Result "1-0"]
[PlyCount "89"]
[EventDate "2014.12.05"]

1. d4 e6 2. Nf3 c5 3. c3 Nf6 4. e3 b6 5. Nbd2 Bb7 6. Bd3 d5 7. O-O Nbd7 8. Ne5
Nxe5 9. dxe5 Nd7 10. f4 c4 11. Bc2 Be7 12. Nf3 Qc7 13. Nd4 O-O 14. Rf3 g6 15.
Rh3 Nc5 16. Bd2 f5 17. g4 Qd7 18. Qe2 Kh8 19. Rf1 b5 20. Rf2 Rf7 21. Rg2 Rg8
22. Be1 Rfg7 23. Bh4 Bxh4 24. Rxh4 a5 25. Rh3 Ba6 26. Rhg3 Ne4 27. Bxe4 dxe4
28. h4 b4 29. h5 gxh5 30. g5 Qf7 31. Rh3 Rg6 32. Rxh5 bxc3 33. bxc3 Rb8 34.
Rgh2 Rb1+ 35. Kf2 Rg7 36. Rh6 Rb6 37. Kg3 a4 38. Rf6 Qe8 39. Rhh6 Qc8 40. Qh5
Rb1 41. Rxe6 Rb8 42. Nxf5 Qc5 43. Re8+ Rxe8 44. Rxh7+ Rxh7 45. Qxe8+ 1-0

[Event "I Festival dell'Etna A"]
[Site "Nicolosi ITA"]
[Date "2014.12.08"]
[Round "6"]
[White "Fasino, Salvatore"]
[Black "Iannello, Antonio"]
[WhiteElo "1604"]
[BlackElo "1907"]
[Result "1/2-1/2"]
[PlyCount "93"]
[EventDate "2014.12.05"]

1. Nf3 Nf6 2. d3 g6 3. g3 Bg7 4. Bg2 O-O 5. O-O d6 6. Nbd2 e5 7. e4 c5 8. h3
Nc6 9. c3 h6 10. Nh4 Ne8 11. Nc4 b5 12. Ne3 Nc7 13. Ng4 Kh7 14. f4 exf4 15.
Bxf4 Rb8 16. Be3 b4 17. Qd2 bxc3 18. bxc3 Bxg4 19. hxg4 Ne6 20. Rf2 Qa5 21.
Raf1 Ne5 22. Bh3 Qb5 23. Rd1 Nc6 24. Rdf1 Rb7 25. Ng2 Ne5 26. Rd1 Rfb8 27. Nf4
Ng5 28. Kg2 Qb2 29. Nd5 Nxh3 30. Kxh3 Qxd2 31. Rdxd2 a5 32. Bf4 Rb1 33. Bxe5
dxe5 34. Rxf7 R8b2 35. Rff2 Rxd2 36. Rxd2 a4 37. c4 a3 38. Nc3 Rb2 39. Rxb2
axb2 40. a4 Bf8 41. a5 Bd6 42. a6 Bb8 43. Kg2 Kg7 44. Kf2 Kf7 45. Ke2 Ke6 46.
Kf3 Kd7 47. Ke2 1/2-1/2

[Event "I Festival dell'Etna A"]
[Site "Nicolosi ITA"]
[Date "2014.12.08"]
[Round "6"]
[White "Favaloro, Andrea"]
[Black "Novak, Ksenija"]
[WhiteElo "2026"]
[BlackElo "2087"]
[Result "1/2-1/2"]
[PlyCount "111"]
[EventDate "2014.12.05"]

1. b3 e6 2. Bb2 Nf6 3. Nf3 d5 4. g3 b6 5. Bg2 Bb7 6. O-O c5 7. e3 Be7 8. c4 O-O
9. cxd5 Nxd5 10. d4 Nd7 11. Na3 N7f6 12. Ne5 Rc8 13. dxc5 Bxc5 14. Ng4 Ba6 15.
Re1 Bb4 16. Bxd5 Nxd5 17. Qd4 Bc3 18. Bxc3 Nxc3 19. Qb4 h5 20. Ne5 Qd5 21. f4
Bb7 22. e4 Nxe4 23. Red1 Qc5+ 24. Qxc5 Nxc5 25. b4 Na6 26. Rd7 Bd5 27. Rxa7
Nxb4 28. Nd7 Ra8 29. Rxa8 Rxa8 30. Nb5 Nc2 31. Rc1 Rxa2 32. Nc3 Rb2 33. Nd1 Ra2
34. Nc3 Ra1 35. Rxa1 Nxa1 36. Nxb6 Bc6 37. Kf2 Nc2 38. Nc4 f6 39. Na5 Bd5 40.
f5 Kf7 41. fxe6+ Kxe6 42. Nxd5 Kxd5 43. Nb3 g5 44. h3 Nd4 45. Nd2 Nc6 46. Ke2
Ne5 47. Kf2 Kd4 48. Ke2 f5 49. Nb3+ Kc4 50. Nd2+ Kc3 51. g4 hxg4 52. hxg4 f4
53. Ne4+ Kd4 54. Nxg5 Nxg4 55. Kf3 Ne5+ 56. Kxf4 1/2-1/2

[Event "I Festival dell'Etna A"]
[Site "Nicolosi ITA"]
[Date "2014.12.08"]
[Round "6"]
[White "Gigante, Giovanni"]
[Black "Oddo, Salvatore"]
[WhiteElo "1801"]
[BlackElo "1604"]
[Result "0-1"]
[PlyCount "48"]
[EventDate "2014.12.05"]

1. c4 d6 2. d4 Nd7 3. Nf3 e5 4. b3 Be7 5. dxe5 dxe5 6. Nbd2 c6 7. e3 Ngf6 8.
Bb2 Qc7 9. Be2 O-O 10. O-O a5 11. Qc2 b6 12. Rac1 Bb4 13. Rfd1 Re8 14. Bd3 Bd6
15. Ng5 g6 16. Nde4 Nxe4 17. Nxe4 Bf8 18. Be2 Bg7 19. Ba3 c5 20. Rd6 f5 21.
Rcd1 fxe4 22. Qxe4 Bb7 23. Qg4 Nf6 24. Qg5 Ne4 0-1

[Event "I Festival dell'Etna A"]
[Site "Nicolosi ITA"]
[Date "2014.12.08"]
[Round "6"]
[White "Guccione, Cristoforo"]
[Black "Savalla, Gianluca"]
[WhiteElo "1983"]
[BlackElo "1753"]
[Result "0-1"]
[PlyCount "122"]
[EventDate "2014.12.05"]

1. d4 Nf6 2. Nc3 g6 3. e4 d6 4. h3 Bg7 5. Be3 Nbd7 6. g4 e5 7. Nge2 b6 8. Bg2
Bb7 9. O-O O-O 10. Qd2 exd4 11. Bxd4 Ne5 12. b3 Re8 13. f4 Nc6 14. Be3 Rb8 15.
Rad1 Qe7 16. Ng3 h6 17. f5 g5 18. Nh5 Nxh5 19. Nd5 Qd8 20. gxh5 f6 21. h4 Ne5
22. hxg5 hxg5 23. Nc3 Bh6 24. Ne2 Qe7 25. Nd4 Ng4 26. Ne6 Nxe3 27. Qxe3 Bc8 28.
Nd4 Bd7 29. c4 Qe5 30. b4 c5 31. Nf3 Qe7 32. Nh2 Rbd8 33. Ng4 Kg7 34. Rd3 Bc8
35. Rfd1 Bb7 36. e5 dxe5 37. Rxd8 Rxd8 38. Rxd8 Qxd8 39. Nxh6 Qd1+ 40. Bf1 Kxh6
41. bxc5 Qg4+ 42. Kf2 Qxf5+ 43. Ke1 Qb1+ 44. Kf2 bxc5 45. Qxc5 Qb6 46. Qxb6
axb6 47. Be2 f5 48. Kg3 Bc6 49. Bd1 Be8 50. a4 Bxa4 51. Bxa4 Kxh5 52. Be8+ Kh6
53. Bd7 Kg6 54. Kf3 Kf6 55. Bc8 e4+ 56. Ke3 Ke5 57. Bd7 g4 58. Ke2 g3 59. Bc6
f4 60. Ke1 f3 61. Kf1 Kf4 0-1

[Event "I Festival dell'Etna A"]
[Site "Nicolosi ITA"]
[Date "2014.12.08"]
[Round "6"]
[White "Licata, Silvio"]
[Black "Bandieramonte, Enrico"]
[WhiteElo "1489"]
[BlackElo "1665"]
[Result "0-1"]
[PlyCount "130"]
[EventDate "2014.12.05"]

1. c4 Nf6 2. Nc3 g6 3. g3 Bg7 4. Bg2 Nc6 5. Nf3 e6 6. O-O O-O 7. d3 d6 8. Rb1
Nd7 9. e4 Nc5 10. Be3 Nb4 11. Ne1 Nd7 12. f4 Nc5 13. d4 Nd7 14. a3 Nc6 15. Qd2
a5 16. b3 a4 17. b4 Nb6 18. Qd3 Nd7 19. Nf3 Ne7 20. Qc2 Nb6 21. Nd2 Nc6 22. Qd3
e5 23. Ne2 Bg4 24. Nf3 f5 25. exf5 Bxf5 26. Qc3 Bxb1 27. Rxb1 exf4 28. Nxf4 Qe7
29. Qd3 Rae8 30. Bf2 Qe4 31. Qxe4 Rxe4 32. c5 Nc4 33. Ng5 Rxd4 34. Nge6 Rd2 35.
Nxg7 Rxf4 36. gxf4 Kxg7 37. cxd6 Rxd6 38. Bc5 Rd8 39. b5 N6a5 40. Re1 b6 41.
Bb4 Kf7 42. Bh3 Re8 43. Rxe8 Kxe8 44. Be6 Nd6 45. Bxd6 cxd6 46. Kf2 Ke7 47. Bd5
Nb3 48. Ke3 Nc5 49. Kd4 Ne6+ 50. Ke4 Kf6 51. Bc4 h6 52. Be2 d5+ 53. Kf3 Nd4+
54. Ke3 Nxe2 55. Kxe2 Kf5 56. Kd3 Ke6 57. Kc3 g5 58. fxg5 hxg5 59. Kb4 Ke5 60.
Kxa4 Kd4 61. Kb4 Ke3 62. a4 d4 63. a5 bxa5+ 64. Kxa5 d3 65. Ka6 d2 0-1